000 01773nam2a22004331 4500
001 v19\rc\1730586
005 20240708122904.0
035 _a(NLR Aleph) 004826070
090 _a5062693
_c5062693
100 _a20061002d1903 u y0rusy50 ca
101 0 _arus
102 _aRU
105 _ay z 000yy
200 1 _aДействия на Западном фронте с 18 августа по 1 сентября 1877 г.
_e(сражение под Ловчей и 3-е сражение под Плевной)
210 _d1903
215 _aVII, 272 с.
461 0 _1001v19\rc\1730572
_12001#$aОписание Русско-Турецкой войны 1877-78 гг. на Балканском полуострове$vТ. 5
_95062569
_cСанкт-Петербург
_d1899-1914
_nИздание Военно-исторической Комиссии Главнаго Штаба
_tОписание Русско-Турецкой войны 1877-78 гг. на Балканском полуострове
_vТ. 5
532 1 1 _aДействия на Западном фронте с восемнадцатого августа по 1 сентября 1877 г.
801 0 _aRU
_bNLR
_gpsbo
801 0 _aRU
_bRuMoRGB
_2psbo
801 1 _aRU
_bProSoft-M
_2rusmarc
852 _aNLR
_j132/1422(5)
852 _aNLR
_j37.3.1.7(5)
899 _aRuMoRGB
_jΔ 502/220
899 _aБАН
899 _aНБ СПбГУ
899 _aГПИБ
899 _aНБ МГУ
899 _aRuMoRGB
_jΔ 572/5
899 _aRuMoRGB
_jS 73/6
899 _aRuMoRGB
_jU 332/72
899 _aRuMoRGB
_jE 95/508
899 _aRuMoRGB
_jΔ 15/94
899 _aRuMoRGB
_jΔ 35/225
899 _aRuMoRGB
_jΔ 20/63
942 _cBOOK
980 _aSCAN_DONE
980 _aNB